General soil map, Burleson County Texas /

Bibliographic Details
Corporate Author: United States. Soil Conservation Service
Format: Map
Language:English
Published: Temple, Tex. : The Service, 1971.
Subjects:

MARC

Tag First Indicator Second Indicator Subfields
LEADER 00000cem a2200000 a 4500
001 in00001403952
005 20151020054248.0
008 820330s1971 txu a f 0 eng
035 |9 AHN0931AM 
040 |d UtOrBLW 
052 |a 3813  |b B8 
090 |a G4033.B9J3 1971  |b .U5 
110 1 |a United States.  |b Soil Conservation Service. 
245 1 0 |a General soil map, Burleson County Texas /  |c U.S. Department of Agriculture, Soil Conservation Service. 
255 |a Scale 1:126,720. 
264 1 |a Temple, Tex. :  |b The Service,  |c 1971. 
300 |a 1 map ;  |c 24 x 32 cm. 
336 |a cartographic image  |b cri  |2 rdacontent 
337 |a unmediated  |b n  |2 rdamedia 
338 |a sheet  |b nb  |2 rdacarrier 
500 |a "Rev. 7-71" 
500 |a Cartographic material. 
650 0 |a Soils  |z Texas  |z Burleson County  |x Maps. 
651 0 |a Burleson County (Tex.)  |x Maps. 
999 |a MARS 
999 f f |s ad9f695d-d0fc-3dca-b929-d5f52edddd3b  |i ea00c4c2-cde3-331b-9492-a153f9acdc57  |t 0 
952 f f |p normal  |a Texas A&M University  |b College Station  |c Sterling C. Evans Library  |d Evans: Maps (2nd floor)  |t 0  |e G4033.B9J3 1971 .U5  |h Library of Congress classification  |i unmediated -- sheet  |m A14821838897 
998 f f |a G4033.B9J3 1971 .U5  |t 0  |l Evans: Maps (2nd floor)